Protein bioinformatics (Record no. 328879)

000 -LEADER
fixed length control field nam a22 7a 4500
003 - CONTROL NUMBER IDENTIFIER
control field ASAB
005 - DATE AND TIME OF LATEST TRANSACTION
control field 20180117115808.0
008 - FIXED-LENGTH DATA ELEMENTS--GENERAL INFORMATION
fixed length control field 170418b xxu||||| |||| 00| 0 eng d
020 ## - INTERNATIONAL STANDARD BOOK NUMBER
International Standard Book Number 978-81-7758-181-2
040 ## - CATALOGING SOURCE
Transcribing agency ASAB
082 ## - DEWEY DECIMAL CLASSIFICATION NUMBER
Classification number 572.60285
245 ## - TITLE STATEMENT
Title Protein bioinformatics
Remainder of title from sequence to function
Statement of responsibility, etc. by M. Michael Gromiha
260 ## - PUBLICATION, DISTRIBUTION, ETC.
Place of publication, distribution, etc. India
Name of publisher, distributor, etc. Elsevier = (Printed in india by) Replika Press Pvt. Ltd.
Date of publication, distribution, etc. c2010
300 ## - PHYSICAL DESCRIPTION
Extent 320 P.
630 ## - SUBJECT ADDED ENTRY--UNIFORM TITLE
Uniform title Bioinformatics
9 (RLIN) 5406
630 ## - SUBJECT ADDED ENTRY--UNIFORM TITLE
Uniform title Protein Bioinformatics
9 (RLIN) 8545
942 ## - ADDED ENTRY ELEMENTS (KOHA)
Source of classification or shelving scheme
Koha item type Book
Holdings
Withdrawn status Lost status Source of classification or shelving scheme Damaged status Not for loan Collection code Permanent Location Current Location Date acquired Total Checkouts Full call number Barcode Date last seen Price effective from Koha item type
            Atta-ur-Rahman School of Applied Biosciences (ASAB) Atta-ur-Rahman School of Applied Biosciences (ASAB) 04/18/2017   572.60285 GRO ASAB1603 01/17/2018 04/18/2017 Book
© 2023 Central Library, National University of Sciences and Technology. All Rights Reserved.